000 00739nam a2200241Ia 4500
003 OSt
005 20220923211622.0
006 a|||||r|||| 00| 0
007 ta
008 220922b |||||||| |||| 00| 0 san d
024 _a13,965
037 _cTextual
040 _aARTS
_cARTS
_bsan
041 _2san
_asan
082 _aDelta2522x, 15K8
100 _aपुरी, विष्णु, ले.
245 0 _aभक्तिरत्नावली
246 _aBhaktiratnāvalī
260 _c1968
650 _aआध्यात्मिक अनुभव और रहस्यवाद
942 _hDelta2522x, 15K8
_cTEXL
_2CC
999 _c301524
_d301524